00488 a2200169 450000100060000002000060000604000220001210000340003424000440006824500390011230000080015136200090015965000170016894200070018595201090019299900170030167368 a  cAnchieta - Pituba aProf. Santos, Antônio Jorge10aMatemática para o ensino médiolpor10aMatemática para o ensino médio a2790 a2015 4aMatemática cBK 00104070a91.1b91.1d2023-11-21l0o510 M357m MAR MATp22374/PITr2023-11-21 18:35:25w2023-11-21yBK c67368d67368